[Event "Vigevano UTE 1st"]
[Site "Vigevano"]
[Date "2007.06.23"]
[Round "5"]
[White "Kidane, Robel"]
[Black "Damia, Angelo"]
[Result "0-1"]
[WhiteElo "2123"]
[BlackElo "2212"]
[PlyCount "28"]
[EventDate "2007.06.20"]
[EventType "tourn"]
[EventRounds "7"]
[EventCountry "ITA"]
[SourceTitle "EXT 2010"]
[Source "ChessBase"]
[SourceDate "2010.11.25"]
[SourceVersion "1"]
[SourceVersionDate "2010.11.25"]
[SourceQuality "1"]

1. e4 e5 2. Nf3 Nc6 3. Bc4 Nf6 4. d3 Bc5 5. 0-0 d6 6. Bg5 h6 7. Bh4 g5 8. Bg3 h5 9. Nxg5 h4 10. Nxf7 hxg3 11. Nxd8 Bg4 12. Qd2 Nd4 13. Nc3 Nf3+ 14. gxf3 Bxf3 0-1

[Event "Milan Crespi op 25th"]
[Site "Milan"]
[Date "2004.12.08"]
[Round "7"]
[White "Aranovitch, Emiliano"]
[Black "Kidane, Robel"]
[Result "1/2-1/2"]
[WhiteElo "2304"]
[BlackElo "2095"]
[PlyCount "116"]
[EventDate "2004.12.04"]
[EventType "swiss"]
[EventRounds "9"]
[EventCountry "ITA"]
[SourceTitle "EXT 2007"]
[Source "ChessBase"]
[SourceDate "2006.11.23"]
[SourceVersion "1"]
[SourceVersionDate "2006.11.23"]
[SourceQuality "1"]

1. e4 c5 2. Nf3 d6 3. c3 Nf6 4. Be2 g6 5. 0-0 Bg7 6. Bb5+ Bd7 7. Bxd7+ Nbxd7 8. Qe2 0-0 9. d4 e6 10. e5 dxe5 11. dxe5 Nd5 12. Re1 h6 13. h4 Qc7 14. c4 Ne7 15. Nc3 a6 16. Bf4 Rad8 17. Rad1 Nc6 18. Ne4 Ndxe5 19. Rxd8 Rxd8 20. Nxe5 Nxe5 21. Ng3 f6 22. Bxe5 Qxe5 23. Qxe5 fxe5 24. Ne4 b6 25. f3 Kf7 26. Re3 Bf8 27. Rb3 Rb8 28. Ra3 Ra8 29. Rb3 Rb8 30. Kf2 Rb7 31. Ke2 Be7 32. g3 Ke8 33. g4 h5 34. g5 Kd7 35. Ra3 Ra7 36. Nf2 Kc6 37. Re3 Bd6 38. Nd3 Rf7 39. Rxe5 Kd7 40. Re4 b5 41. b3 b4 42. Ke3 Rf8 43. Kf2 a5 44. Nb2 Rf4 45. Rxf4 Bxf4 46. Nd3 Bd6 47. f4 Ke7 48. Kf3 Kf8 49. Ke4 Kf7 50. Nb2 Ke7 51. Nd3 Kd7 52. Nf2 Bf8 53. Kf3 Be7 54. Ke4 Kc6 55. Nd3 Bd6 56. Kf3 Kd7 57. Ne1 Kc6 58. Ng2 Kd7 1/2-1/2

[Event "Milan Crespi op 25th"]
[Site "Milan"]
[Date "2004.12.06"]
[Round "4"]
[White "Kidane, Robel"]
[Black "Facchetti, Gianni"]
[Result "1/2-1/2"]
[WhiteElo "2095"]
[BlackElo "2203"]
[PlyCount "67"]
[EventDate "2004.12.04"]
[EventType "swiss"]
[EventRounds "9"]
[EventCountry "ITA"]
[SourceTitle "EXT 2007"]
[Source "ChessBase"]
[SourceDate "2006.11.23"]
[SourceVersion "1"]
[SourceVersionDate "2006.11.23"]
[SourceQuality "1"]

1. e4 e5 2. Nf3 Nc6 3. Bb5 Bc5 4. 0-0 Nd4 5. Nxd4 Bxd4 6. c3 Bb6 7. d4 c6 8. Ba4 d6 9. Be3 Nf6 10. f3 0-0 11. Qe2 Qe7 12. Nd2 d5 13. dxe5 Qxe5 14. Bc2 Bxe3+ 15. Qxe3 dxe4 16. Nxe4 Nxe4 17. Qxe4 Qxe4 18. Bxe4 Be6 19. b3 Rfd8 20. Rfd1 f5 21. Bc2 c5 22. Kf2 g5 23. f4 h6 24. Rxd8+ Rxd8 25. Rd1 Rxd1 26. Bxd1 Kg7 27. g3 g4 28. Ke3 Kf6 29. a3 Ke7 30. c4 a5 31. a4 Bd7 32. Bc2 Ke6 33. Bd1 Bc6 34. Kd2 1/2-1/2

[Event "ITA-ch U20"]
[Site "Porto San Giorgio"]
[Date "2004.08.27"]
[Round "8"]
[White "Mora, Lorenzo"]
[Black "Kidane, Robel"]
[Result "0-1"]
[WhiteElo "1844"]
[BlackElo "2081"]
[PlyCount "58"]
[EventDate "2004.08.20"]
[EventType "swiss"]
[EventRounds "9"]
[EventCountry "ITA"]
[SourceTitle "EXT 2005"]
[Source "ChessBase"]
[SourceDate "2004.11.15"]
[SourceVersion "1"]
[SourceVersionDate "2004.11.15"]
[SourceQuality "1"]

1. d4 Nf6 2. c4 g6 3. Nc3 d5 4. Nf3 Bg7 5. b3 c5 6. Bb2 0-0 7. e3 Nc6 8. Be2 cxd4 9. exd4 Qa5 10. 0-0 Rd8 11. c5 Ne4 12. Nb5 a6 13. Na3 Nxc5 14. Nc2 Bf5 15. Nfe1 Ne6 16. Bg4 Bxg4 17. Qxg4 h5 18. Qd1 Rac8 19. Nf3 Rc7 20. Qd3 Rdc8 21. a3 Ne5 22. dxe5 Rxc2 23. Rab1 Nf4 24. Qe3 Bh6 25. Kh1 Kh7 26. h4 Ne6 27. Ng5+ Bxg5 28. hxg5 Qd2 29. Qxd2 Rxd2 0-1

[Event "Internet Section 06B g/8'+2\""]
[Site "Dos Hermanas"]
[Date "2004.03.06"]
[Round "1"]
[White "Kidane, Robel"]
[Black "Herman, Matthew J"]
[Result "0-1"]
[WhiteElo "1766"]
[BlackElo "2413"]
[PlyCount "74"]
[EventDate "2004.03.06"]
[EventType "swiss (blitz)"]
[EventRounds "9"]
[EventCountry "ESP"]
[SourceTitle "CBM 099 Extra"]
[Source "ChessBase"]
[SourceDate "2004.05.04"]
[SourceVersion "1"]
[SourceVersionDate "2004.05.04"]
[SourceQuality "1"]

1. e4 c5 2. Nf3 d6 3. d4 cxd4 4. Nxd4 Nf6 5. Nc3 a6 6. Bg5 e6 7. f4 Be7 8. Qf3 Qc7 9. 0-0-0 Nbd7 10. g4 b5 11. Bxf6 Nxf6 12. g5 Nd7 13. f5 Nc5 14. f6 gxf6 15. gxf6 Bf8 16. Rg1 h5 17. Rg7 b4 18. Nd5 exd5 19. exd5 Nd7 20. Ne6 Qa5 21. Re1 Ne5 22. Rxe5 dxe5 23. d6 Bxe6 24. Qxa8+ Qd8 25. Qc6+ Bd7 26. Qf3 Bxd6 27. Bc4 Rf8 28. Rxf7 Rxf7 29. Bxf7+ Kxf7 30. Qxh5+ Ke6 31. f7 Qf6 32. Qg4+ Ke7 33. Qg2 Qxf7 34. Qg5+ Qf6 35. Qg2 Bc5 36. Qe2 Qf4+ 37. Kb1 Bb5 0-1

[Event "Milan Crespi op 24th"]
[Site "Milan"]
[Date "2003.12.08"]
[Round "5"]
[White "Kidane, Robel"]
[Black "Barpiyeva, Gulsana"]
[Result "1-0"]
[WhiteElo "2049"]
[BlackElo "2169"]
[PlyCount "107"]
[EventDate "2003.12.05"]
[EventType "swiss"]
[EventRounds "6"]
[EventCountry "ITA"]
[SourceTitle "EXT 2005"]
[Source "ChessBase"]
[SourceDate "2004.11.15"]
[SourceVersion "1"]
[SourceVersionDate "2004.11.15"]
[SourceQuality "1"]

1. e4 c5 2. Nf3 e6 3. d4 cxd4 4. Nxd4 a6 5. c4 Qc7 6. Nc2 Nf6 7. Nc3 b6 8. f4 Bb7 9. Bd3 d6 10. 0-0 Be7 11. Bd2 Nbd7 12. b4 0-0 13. Rc1 Rac8 14. Qe2 Rfd8 15. g4 Bf8 16. g5 Ne8 17. Rf3 g6 18. Rh3 Bg7 19. Qf2 f5 20. exf5 exf5 21. Be2 Nf8 22. Na4 Be4 23. Nxb6 Rb8 24. Na4 d5 25. Nc5 Ra8 26. cxd5 Bxd5 27. Bf3 Bxf3 28. Rxf3 Nd6 29. Nd4 Qb6 30. Ndb3 Rab8 31. Kg2 Qb5 32. a4 Qb6 33. Qe2 Ra8 34. Qd3 Re8 35. Qd5+ Kh8 36. Bc3 Ne4 37. Bxg7+ Kxg7 38. Qd4+ Kg8 39. Nxe4 Qxd4 40. Nxd4 Rxe4 41. Nc6 Ne6 42. Kg3 a5 43. bxa5 Rxa4 44. Re1 Nc5 45. Rfe3 Ne4+ 46. Kh4 Ra6 47. Ne7+ Kf7 48. Nd5 R4xa5 49. Nc3 Re6 50. Nxe4 fxe4 51. Rxe4 Rxe4 52. Rxe4 Ra2 53. Kg3 Ra3+ 54. Kg4 1-0

[Event "ITA-ch U20 26th"]
[Site "Bratto"]
[Date "2003.08.24"]
[Round "4"]
[White "Bove, Alessandro"]
[Black "Kidane, Robel"]
[Result "1/2-1/2"]
[WhiteElo "2129"]
[BlackElo "2045"]
[PlyCount "56"]
[EventDate "2003.08.21"]
[EventType "swiss"]
[EventRounds "9"]
[EventCountry "ITA"]
[SourceTitle "EXT 2007"]
[Source "ChessBase"]
[SourceDate "2006.11.23"]
[SourceVersion "1"]
[SourceVersionDate "2006.11.23"]
[SourceQuality "1"]

1. e4 c5 2. b4 cxb4 3. a3 d5 4. e5 Nc6 5. d4 Qb6 6. Ne2 Bg4 7. f3 Bf5 8. g4 Bg6 9. h4 h5 10. axb4 Nxb4 11. Nf4 Bxc2 12. Nxd5 Nxd5 13. Qxc2 e6 14. Bd2 Bb4 15. Ra4 Nge7 16. Bxb4 Nxb4 17. Qd2 Nec6 18. Na3 Rd8 19. Nc4 Qxd4 20. Nd6+ Rxd6 21. exd6 Qxd2+ 22. Kxd2 Kd7 23. Bb5 Kxd6 24. Rb1 hxg4 25. Bxc6 Nxc6 26. Rxg4 Nd8 27. Rc1 g6 28. Rd4+ Ke7 1/2-1/2

[Event "ITA-ch U20 26th"]
[Site "Bratto"]
[Date "2003.08.22"]
[Round "2"]
[White "Ronchetti, Niccolo"]
[Black "Kidane, Robel"]
[Result "1-0"]
[WhiteElo "2217"]
[BlackElo "2045"]
[PlyCount "45"]
[EventDate "2003.08.21"]
[EventType "swiss"]
[EventRounds "9"]
[EventCountry "ITA"]
[SourceTitle "EXT 2007"]
[Source "ChessBase"]
[SourceDate "2006.11.23"]
[SourceVersion "1"]
[SourceVersionDate "2006.11.23"]
[SourceQuality "1"]

1. e4 c5 2. Nf3 d6 3. d4 cxd4 4. Nxd4 Nf6 5. Nc3 a6 6. Bc4 e6 7. Bb3 Be7 8. g4 h6 9. g5 hxg5 10. Bxg5 Nc6 11. Qd3 Qc7 12. 0-0-0 Na5 13. f4 b5 14. f5 Nxb3+ 15. axb3 b4 16. Nce2 e5 17. Nf3 Bb7 18. Ng3 Rc8 19. Qe2 Rh3 20. Rd2 a5 21. Rhd1 Rxg3 22. Bxf6 Rg4 23. Bxe7 1-0

[Event "Corsico op 26th"]
[Site "Corsico"]
[Date "2003.05.04"]
[Round "7"]
[White "Kidane, Robel"]
[Black "Di Lascio, Savino"]
[Result "1-0"]
[WhiteElo "2054"]
[BlackElo "1895"]
[PlyCount "61"]
[EventDate "2003.04.30"]
[EventType "swiss"]
[EventRounds "7"]
[EventCountry "ITA"]
[SourceTitle "EXT 2007"]
[Source "ChessBase"]
[SourceDate "2006.11.23"]
[SourceVersion "1"]
[SourceVersionDate "2006.11.23"]
[SourceQuality "1"]

1. e4 c6 2. d4 d5 3. Nc3 dxe4 4. Nxe4 Nf6 5. Nxf6+ gxf6 6. Nf3 Bf5 7. Bd3 Nd7 8. 0-0 Bxd3 9. Qxd3 Qc7 10. c4 0-0-0 11. Be3 e6 12. Qc2 f5 13. d5 Bc5 14. Bxc5 Nxc5 15. b4 Ne4 16. Nd4 Rhg8 17. Rad1 Rg6 18. f3 Ng5 19. dxc6 bxc6 20. Qa4 e5 21. Nxf5 Nh3+ 22. Kh1 Rxd1 23. Qxd1 Nf4 24. Rf2 Rg5 25. Nd6+ Kb8 26. Ne4 Rg6 27. Rd2 Ne6 28. Rd7 Qc8 29. Nc5 Nd4 30. Qa4 a6 31. Nxa6+ 1-0

[Event "Vanzaghello op"]
[Site "Vanzaghello"]
[Date "2003.??.??"]
[Round "6"]
[White "Kidane, Robel"]
[Black "Sgnaolin, Davide"]
[Result "1/2-1/2"]
[WhiteElo "2045"]
[BlackElo "2135"]
[PlyCount "23"]
[EventDate "2003.??.??"]
[EventType "swiss"]
[EventRounds "6"]
[EventCountry "ITA"]
[SourceTitle "EXT 2007"]
[Source "ChessBase"]
[SourceDate "2006.11.23"]
[SourceVersion "1"]
[SourceVersionDate "2006.11.23"]
[SourceQuality "1"]

1. e4 c5 2. Nf3 Nc6 3. d4 cxd4 4. Nxd4 g6 5. Nc3 Bg7 6. Be3 Nf6 7. Bc4 0-0 8. Bb3 d6 9. f3 Bd7 10. Qd2 Nxd4 11. Bxd4 b5 12. Nd5 1/2-1/2

[Event "Vanzaghello op 3rd"]
[Site "Vanzaghello"]
[Date "2002.09.21"]
[Round "4"]
[White "Kidane, Robel"]
[Black "Cardani, Roberto"]
[Result "0-1"]
[WhiteElo "1770"]
[BlackElo "1692"]
[PlyCount "78"]
[EventDate "2002.09.19"]
[EventType "swiss"]
[EventRounds "6"]
[EventCountry "ITA"]
[SourceTitle "EXT 2023"]
[Source "ChessBase"]
[SourceDate "2022.10.05"]
[SourceVersion "1"]
[SourceVersionDate "2022.10.05"]
[SourceQuality "1"]

1. e4 c5 2. Nf3 d6 3. d4 cxd4 4. Nxd4 Nf6 5. Nc3 a6 6. Bg5 e6 7. f4 Be7 8. Qf3 Qc7 9. 0-0-0 Nbd7 10. g4 b5 11. Bxf6 Nxf6 12. g5 Nd7 13. f5 Nc5 14. Bh3 b4 15. Nce2 e5 16. Nb3 Bxg5+ 17. Kb1 a5 18. Nxc5 Qxc5 19. Rd5 Qc7 20. Rhd1 Be7 21. f6 Bxf6 22. Rxd6 Be7 23. R6d5 0-0 24. Bxc8 Raxc8 25. Qb3 Rfd8 26. Rxd8+ Rxd8 27. Rd5 g6 28. Qd3 Rxd5 29. exd5 f5 30. Qb5 Kf7 31. Qd3 Qc5 32. c4 e4 33. Qh3 h5 34. Qg2 Bd6 35. Qg5 Qxc4 36. Qh6 Qxe2 37. Qh7+ Kf6 38. Qh8+ Kg5 39. b3 Qd3+ 0-1

[Event "ITA-ch U20 25th"]
[Site "Bratto"]
[Date "2002.08.27"]
[Round "8"]
[White "Cappai, Davide"]
[Black "Kidane, Robel"]
[Result "1-0"]
[WhiteElo "1774"]
[BlackElo "1770"]
[PlyCount "59"]
[EventDate "2002.08.20"]
[EventType "swiss"]
[EventRounds "9"]
[EventCountry "ITA"]
[SourceTitle "EXT 2007"]
[Source "ChessBase"]
[SourceDate "2006.11.23"]
[SourceVersion "1"]
[SourceVersionDate "2006.11.23"]
[SourceQuality "1"]

1. e4 e5 2. Nf3 Nc6 3. Bc4 Bc5 4. c3 Nf6 5. d4 exd4 6. e5 d5 7. b4 Bf8 8. exf6 dxc4 9. b5 Na5 10. Qxd4 Qxd4 11. Nxd4 Bd7 12. 0-0 0-0-0 13. Be3 gxf6 14. Nd2 Rg8 15. Rfd1 c5 16. bxc6 Nxc6 17. Nxc4 Ne5 18. Nd2 b6 19. a4 Be7 20. Rdb1 Kb7 21. a5 Ng4 22. Bf4 Ne5 23. N2b3 Nc4 24. Nd2 Rc8 25. Ne4 f5 26. Ng3 Rg4 27. axb6 Rxf4 28. Rxa7+ Kb8 29. Rxd7 Bc5 30. b7 1-0

[Event "ITA-ch U20 25th"]
[Site "Bratto"]
[Date "2002.08.21"]
[Round "2"]
[White "Hellweger, Stefan"]
[Black "Kidane, Robel"]
[Result "0-1"]
[WhiteElo "1488"]
[BlackElo "1770"]
[PlyCount "96"]
[EventDate "2002.08.20"]
[EventType "swiss"]
[EventRounds "9"]
[EventCountry "ITA"]
[SourceTitle "EXT 2007"]
[Source "ChessBase"]
[SourceDate "2006.11.23"]
[SourceVersion "1"]
[SourceVersionDate "2006.11.23"]
[SourceQuality "1"]

1. e4 c5 2. Nf3 d6 3. d3 g6 4. Be2 Bg7 5. c3 Nc6 6. 0-0 Nf6 7. Bg5 h6 8. Bxf6 Bxf6 9. d4 Qb6 10. d5 Qxb2 11. dxc6 Qxa1 12. cxb7 Bxb7 13. Qa4+ Kf8 14. Qc2 Bc8 15. Nfd2 Be6 16. Bc4 Bxc4 17. Nxc4 Rb8 18. e5 Bxe5 19. f4 Rxb1 20. Rxb1 Qxc3 21. Qxc3 Bxc3 22. Rb7 d5 23. Na3 Bd4+ 24. Kf1 c4 25. Nb5 Be3 26. g3 a6 27. Na3 Kg7 28. Nc2 Bc5 29. Rc7 Bd6 30. Rb7 Rb8 31. Rxb8 Bxb8 32. Nb4 e6 33. Ke2 a5 34. Nc6 Bc7 35. a4 Bb6 36. Ne5 Bd4 37. Nc6 Bc3 38. Kd1 f6 39. Kc2 d4 40. Kc1 d3 41. Kd1 e5 42. fxe5 fxe5 43. Ne7 e4 44. Nd5 Bd4 45. Nf4 Kf6 46. Nd5+ Ke5 47. Ne7 e3 48. Nxg6+ Ke4 0-1

[Event "Corsico op 24th"]
[Site "Corsico"]
[Date "2002.04.??"]
[Round "1"]
[White "Aglietti, Graziano"]
[Black "Kidane, Robel"]
[Result "1-0"]
[WhiteElo "2078"]
[BlackElo "1758"]
[PlyCount "53"]
[EventDate "2002.04.25"]
[EventType "swiss"]
[EventRounds "6"]
[EventCountry "ITA"]
[SourceTitle "EXT 2007"]
[Source "ChessBase"]
[SourceDate "2006.11.23"]
[SourceVersion "1"]
[SourceVersionDate "2006.11.23"]
[SourceQuality "1"]

1. e4 e5 2. Nf3 Nc6 3. Bc4 Bc5 4. 0-0 Nf6 5. d3 0-0 6. Bg5 h6 7. Bh4 Re8 8. Nc3 Be7 9. a3 d6 10. h3 a6 11. Re1 Na5 12. Ba2 c5 13. b4 Nc6 14. Bxf6 Bxf6 15. Nd5 Be6 16. c3 b5 17. a4 Rb8 18. Rc1 Rb7 19. Ra1 Bg5 20. Kh2 Kh8 21. g3 g6 22. axb5 axb5 23. Nxg5 hxg5 24. bxc5 dxc5 25. Qf3 Kg7 26. Ne3 Qxd3 27. Nf5+ 1-0